| 000 | 02513pam a2200589 i 4500 | ||
|---|---|---|---|
| 001 | 3502420 | ||
| 005 | 20251023174326.0 | ||
| 008 | 241115s2025 nyua c 6 000 0 eng | ||
| 010 | _a 2024050435 | ||
| 020 |
_a9781454948285 _q(hardcover) : _c$24.99 |
||
| 020 |
_a1454948280 : _c$24.99 |
||
| 020 |
_a9781454948292 _q(paperback) |
||
| 020 |
_z9781454948308 _q(ebook) |
||
| 035 | _a(OCoLC)1472989486 | ||
| 035 | _a(OCoLC)on1472989486 | ||
| 040 |
_aDLC _beng _erda _cDLC |
||
| 042 |
_apcc _acyac |
||
| 050 | 0 | 0 |
_aPZ7.7.K728 _bGh 2025 |
| 082 | 0 | 0 |
_a741.5/973 _223 |
| 092 |
_ajunior graphic _bKress |
||
| 100 | 1 |
_aKress, Adrienne, _eauthor. _974439 |
|
| 245 | 1 | 0 |
_aGhost Circus / _cAdrienne Kress, Jade Zhang. |
| 264 | 1 |
_aNew York : _bUnion Square Kids, _c2025. |
|
| 300 |
_a248 pages : _bcolor illustrations ; _c23 cm |
||
| 336 | _atext | ||
| 336 | _astill image | ||
| 337 | _aunmediated | ||
| 338 | _avolume | ||
| 520 | _aWhile his body is stuck in a coma, twelve-year-old Casey's spirit works with a creepy ghost girl and her poltergeist to free the souls of the Ghost Circus and help him return to his body. | ||
| 521 | 1 |
_a8-12 _bBrodart. |
|
| 521 | 2 |
_a3-7 _bBrodart. |
|
| 650 | 0 |
_aGhosts _vComic books, strips, etc. _95698542 |
|
| 650 | 0 |
_aCircus _vComic books, strips, etc. _96491650 |
|
| 650 | 0 |
_aSpirits _vComic books, strips, etc. _95729948 |
|
| 650 | 0 |
_aPoltergeists _vComic books, strips, etc. _96554268 |
|
| 650 | 1 |
_aGhosts _vFiction. _9102562 |
|
| 650 | 1 |
_aCircus _vFiction. _95675959 |
|
| 650 | 1 |
_aSpirits _vFiction. _95724600 |
|
| 650 | 1 |
_aPoltergeists _vFiction. _96357622 |
|
| 650 | 1 | _aGraphic novels. | |
| 650 | 7 |
_aJUVENILE FICTION / Comics & Graphic Novels / Fantasy. _2bisacsh _95739124 |
|
| 650 | 7 |
_aJUVENILE FICTION / Comics & Graphic Novels / Horror. _2bisacsh _96018623 |
|
| 650 | 7 |
_aJUVENILE FICTION / Comics & Graphic Novels / Paranormal. _2bisacsh _96018624 |
|
| 655 | 7 |
_aParanormal comics. _2lcgft _95776029 |
|
| 655 | 7 |
_aGraphic novels. _2lcgft |
|
| 700 | 1 |
_aZhang, Jade, _eillustrator. _96554269 |
|
| 942 |
_2ddc _cBOOK |
||
| 999 |
_c412926 _d412926 |
||